000 00623nam a2200193 i 4500
001 120351
003 ES-MaACL
005 20250725232310.0
007 t|
008 070214s1921 sp |||| | spa d
245 0 4 _aLas cien mejores poesías líricas de la lengua castellana /
_cescogidas por Marcelino Menéndez Pelayo.
260 _aMadrid :
_bVictoriano Suárez,
_c1921.
300 _a348 p. ;
_c15 cm.
650 7 _aPoesías líricas españolas
_2embne
_9153683
700 1 _aMenéndez y Pelayo, Marcelino,
_980332
_d1856-1912
852 _aES-MaACL
_jB-6756
942 _2udc
999 _c120351
_d120351